000 00650nam a2200241 i 4500
001 bg
100 1 _aPASKO, Marian
245 1 0 _aTeoria sygnałów /
_cMarian Pasko, Janusz Walczak.
260 _aGliwice :
_bWydaw. PŚ,
_c1999.
300 _a242 s. :
_bwykr. ;
_c24 cm.
504 _aBibliogr. przy rozdz.
521 _aPodręcznik akademicki.
650 9 _aTeoria sygnałów
655 _aPodręczniki akademickie
700 1 _aWALCZAK, Janusz
020 _a8388000500
040 _cBPK
041 0 _apl
080 _a007:519.7:621.398](075.8)
920 _a83-88000-50-0
942 _cKS
008 s pl f |000 0 pol
999 _c36323
_d36323
856 _uhttp://koha.tu.koszalin.pl/cgi-bin/koha/opac-detail.pl?biblionumber=36323
_yKatalog online BPK